Nikdynoc /

Fantasy román o mladé dívce, která se stala vražedkyní, aby se mohla pomstít.

Hlavní autor: Kristoff, Jay, 1973-
Další autoři: Michalíková, Adéla, 1990-
Jazyk: Čeština
Vydáno: V Praze : CooBoo, 2022
Vydání: 2. vydání
Témata:
Fyzický popis: 506 stran : ilustrace ; 21 cm
Knihy
Uloženo v:
LEADER 02096nam a2200469 i 4500
001 nkc20223417809
003 CZ PrNK
005 20220602104441.0
007 ta
008 220422s2022 xr a g 000 f cze
015 |a cnb003417809 
020 |a 978-80-7661-454-3  |q (vázáno) 
035 |a (OCoLC)1329409124 
040 |a ABG001  |b cze  |e rda 
041 1 |a cze  |h eng 
072 7 |a 821.111-3  |x Anglická próza, anglicky psaná  |2 Konspekt  |9 25 
080 |a 821.111(94)-31  |2 MRF 
080 |a (0:82-312.9)  |2 MRF 
100 1 |a Kristoff, Jay,  |d 1973-  |7 osa2016934667  |4 aut 
240 1 0 |a Nevernight.  |l Česky 
245 1 0 |a Nikdynoc /  |c Jay Kristoff ; přeložila Adéla Michalíková 
250 |a 2. vydání 
264 1 |a V Praze :  |b CooBoo,  |c 2022 
300 |a 506 stran :  |b ilustrace ;  |c 21 cm 
336 |a text  |b txt  |2 rdacontent 
337 |a bez média  |b n  |2 rdamedia 
338 |a svazek  |b nc  |2 rdacarrier 
500 |a Přeloženo z angličtiny 
520 2 |a Fantasy román o mladé dívce, která se stala vražedkyní, aby se mohla pomstít.  |b Dcera popraveného zrádce Mia Corverová se ukrývá ve městě postaveném z kostí mrtvého titána. Vydává se na cestu, aby se stala učednicí nejobávanějšího a nejtajemnějšího sdružení vrahů v celé zemi - Rudé církve. I když vyniká v použití jedů a zbraní, nemůže ji to zachránit před spiknutím, které se na ni v temnotě chystá. Dokáže ho odhalit včas, než ji dostihne, a pomstít se těm, kteří můžou za smrt jejího otce? Nakladatelská anotace. 
655 7 |a australské romány  |7 fd131842  |2 czenas 
655 7 |a fantasy romány  |7 fd184199  |2 czenas 
655 9 |a Australian fiction  |2 eczenas 
655 9 |a fantasy novels  |2 eczenas 
700 1 |a Michalíková, Adéla,  |d 1990-  |7 xx0224626  |4 trl 
787 0 8 |i Z cyklu:  |t Nikdynoc  |g 1 
910 2 |a BOA001  |b 2-1485.566 
920 |a 4647206  |z ABG001 
928 9 |a Albatros Media - CooBoo 
990 |a BK 
995 |a 01 
991 |b 202205  |c NOV 
996 6 |b 2610901803  |c 2-1485.566  |l MZK  |r Sklad / do 1 hodiny  |n 0  |p p.v.  |w 001886198  |u 000010  |a 1  |e BOA001  |j MZK50  |s P